Batesmotelpro şarkıları - söz tamamlama #1 - Statistics

General Stats
  • This quiz has been taken 11 times
  • The average score is 9 of 15
Answer Stats
Hint Answer % Correct
Hareketim nasıl, hoşuna gitti mi? İsmi "__ Gelen Soğuk Hava Dalgası" Balkanlardan
90%
Dedi "N'aber?" / Dedim __ / Dedi "Ee?" dedi / dedim: "Ne?" dedim, __ iyidir
90%
Ellerin oldu buz gibi, Gözlerin aynı __ gibi karpuz
80%
Titretirler tir tir yönetici gezegeni bu burcun marstır / En çok akrep olan ilimiz __ karstır
80%
__ bana göre almancadaki en güzel kelimedir / __ al __ ver __ tut __ gir fünf
70%
Çapkınlıkta usanmaz yaşı gelse 50'ye / Onun için hiç farketmez Ayşe Fatma __ Hayriye
70%
Bara girdik hani ___ bırak boşver gelmesin madem / Hatunu gördüm bira elinde barmen
60%
Kelek karpuz __ / Bıyıkta ayran __ / Pazartesi __ / Baş ağrısı __ / Sıcak bira __ Iıy
60%
__ mi? / __ nasıl bir burçtur? / Ceplerinde __ vardır kızım korkunçtur akrep
50%
Achtung, Bugünkü dersimiz __ Almanca
50%
Ünlü düşünür __ / At fav'a bekle demiştir Bob Marley
50%
Fenomen olmak istiyorsan güzel nick bulman gerek / Örnek vermek gerekirse __ çıngıraklı dümbelek
50%
Winter is coming" dedi Stark, dinlemedin / bu da sana kafiye olsun, __ komidin
50%
Kışın hep kapalı hava / Severim __ __ / İşte bir görünmez kaza patates tava
50%
Titreyin ve kendinize gelin! / Mevsimlerin kralı, __ 'nın prensi... Sibirya
30%
No matching quizzes found
Score Distribution
Percent of People with Each Score
Percentile by Number Answered
Your Score History
You have not taken this quiz